| 000 | 00948nam a2200289 i 4500 | ||
|---|---|---|---|
| 001 | 77294 | ||
| 003 | ES-MaACL | ||
| 005 | 20250821111812.0 | ||
| 007 | t| | ||
| 008 | 041007s1982 sp ||||1| spa d | ||
| 020 | _a84-306-1163-0 | ||
| 080 | _a165 | ||
| 100 | 1 |
_aHabermas, Jürgen. _961376 |
|
| 245 | 1 | 0 |
_aConocimiento e interés / _cJürgen Habermas ; versión de Manuel Jiménez, José F. Ivars y Luis Martín Santos ; revisada por José Vidal Beneyto. |
| 260 |
_aMadrid : _bTaurus, _c1982. |
||
| 300 |
_a348 p. ; _c21 cm. |
||
| 490 | 1 |
_aEnsayistas ; _v163 |
|
| 504 | _aBibliografía: p. 339-341. | ||
| 650 | 4 |
_aEpistemología. _912338 |
|
| 700 | 1 |
_aJiménez Redondo, Manuel. _966597 |
|
| 700 | 1 |
_aIvars, José-Francisco. _965661 |
|
| 700 | 0 |
_aMartín Santos, Luis, _d1921-1988 _977652 |
|
| 700 | 1 |
_aVidal Beneyto, José. _9114468 |
|
| 830 | 1 |
_aEnsayistas ; _v163 _9177257 |
|
| 852 | 4 |
_aES-MaACL _jL-4840 |
|
| 999 |
_c77294 _d77294 |
||